| 000 | 00841nam a22002297a 4500 | ||
|---|---|---|---|
| 999 |
_c2220 _d2220 |
||
| 003 | AR-CdUCM | ||
| 008 | 190304b ||||| |||| 00| 0 spa d | ||
| 040 |
_aMUNICIPALIDAD PROVINCIAL DEL CUSCO _cBIBLIOTECA MUNICIPAL DEL CUSCO |
||
| 041 | _hfre | ||
| 082 |
_a335 / _bB151 |
||
| 100 |
_aBahro, Rudolf _97999 |
||
| 245 |
_aEl socialismo realmente existente : _bseis conferencias críticas / |
||
| 260 |
_aLima : _bMosca Azul Editores, _c1981. |
||
| 300 |
_a144 paginas ; _c21 cm. |
||
| 505 | _aUna alternativa radical -- Que es el socialismo -- Las fuerzas de la revolución cultural -- Una alternativa económica -- Perspectivas políticas... | ||
| 650 |
_aPolítica y Estado _98000 |
||
| 650 |
_aSociedad Soviética _98001 |
||
| 650 |
_aMarxismo _924 |
||
| 700 |
_aPacheco Barcelli Tanya _98002 |
||
| 942 |
_2ddc _cLIBROS |
||
| 945 | _awnts | ||